100 Biggest Cities of Bangladesh on a Map - Statistics

General Stats
  • This quiz has been taken 145 times
  • The average score is 16 of 100
Answers on the Map
Answers color-coded by a green-red scale on the quiz's map according to % correct below.
 
Answer Stats
Population City % Correct
10,295,786 Dhaka
99%
3,230,507 Chittagong
91%
532,839 Sylhet
63%
719,557 Khulna
60%
196,385 Cox's Bazar
55%
577,000 Mymensingh
50%
708,570 Rangpur
50%
419,484 Barishal
47%
553,288 Rajshahi
46%
2,677,715 Gazipur
45%
967,951 Narayanganj
42%
440,233 Cumilla
41%
234,357 Feni
37%
486,016 Bogra
31%
203,451 Chandpur
29%
237,283 Faridpur
28%
209,352 Jessore
28%
132,198 Noakhali
28%
176,005 Pabna
27%
212,288 Dinajpur
24%
122,299 Netrakona
23%
221,806 Kushtia
22%
212,887 Tangail
22%
158,889 Jamalpur
21%
188,549 Sirajganj
21%
264,341 Brahmanbaria
18%
138,063 Kishoreganj
17%
132,230 Lakshmipur
17%
201,005 Nawabganj
17%
68,304 Maulvi Bazar
15%
106,069 Rangamati
15%
57,159 Bhola
14%
85,644 Habiganj
14%
178,649 Naogaon
14%
138,411 Satkhira
14%
384,105 Savar
14%
123,516 Sherpur
14%
108,523 Gopalganj
13%
180,711 Narsingdi
13%
87,067 Natore
13%
74,595 Sunamganj
13%
90,746 Kurigram
12%
97,496 Manikganj
12%
82,521 Patuakhali
12%
143,538 Saidpur
12%
140,271 Jhenaidah
10%
58,833 | 60,584 Kaliganj
10%
88,743 Madaripur
10%
93,120 Munshiganj
10%
156,297 Bhairab
9%
79,264 Gaibandha
9%
84,921 Jaipurhat
9%
75,483 Nilphamari
9%
72,679 Pirojpur
9%
100,462 Thakurgaon
9%
67,135 Lalmonirhat
8%
114,249 Magura
8%
57,010 Panchagarh
8%
65,421 Rajbari
8%
70,581 Shariatpur
8%
97,548 Chuadanga
6%
258,973 Sreepur
6%
63,337 Bera
5%
94,398 Chakaria
5%
79,483 Hajiganj
5%
94,225 Hathazari
5%
81,139 Ishwardi
5%
68,194 Jhalakati
5%
63,741 Madhupur
5%
100,065 Chaumohoni
4%
59,131 Chhagalnaiya
4%
81,260 Dhamrai
4%
55,235 Gopalpur
4%
57,449 Hatiya
4%
249,111 Kaliakair
4%
96,060 Noapara
4%
197,672 Tarabo
4%
80,182 Belkuchi
3%
58,665 Chandina
3%
71,887 Debidwar
3%
101,690 Ghorashal
3%
58,875 Khagrachhari
3%
95,110 Laksham
3%
73,911 Madhabdi
3%
68,219 Nabinagar
3%
68,323 Najirhat
3%
66,809 Patiya
3%
70,101 Raozan
3%
57,941 Barura
1%
79,363 Boalkhali
1%
58,019 Kanchan
1%
65,768 Matlab
1%
61,421 Muktagachha
1%
65,999 Nageshwari
1%
55,840 Sarishabari
1%
76,015 Shahjadpur
1%
60,376 Haragacha
0%
66,523 Naohata
0%
58,718 Ullahpara
0%
No matching quizzes found
Score Distribution
Percent of People with Each Score
Percentile by Number Answered
Your Score History
You have not taken this quiz